| 000 | 00700nam a22002057a 4500 | ||
|---|---|---|---|
| 005 | 20100728141242.0 | ||
| 010 | _aENG-97302 | ||
| 020 |
_a9788184502442 _c2150.00 |
||
| 035 | _aEN-80835 | ||
| 037 | _bDBAD/PUB | ||
| 082 | _a382 | ||
| 245 |
_aGlobalisation and international business / _cedited by Devendra Thakur |
||
| 260 |
_aNew Delhi _bDeep & Deep Publications _c2009 |
||
| 270 |
_aF-159, Rajouri Garden, _bNew Delhi _e110027 |
||
| 300 |
_ax, 701p.: _bill. _c23cm, (Hb) |
||
| 500 | _aincludes index | ||
| 700 |
_aThakur, Devendra _92111 |
||
| 942 |
_2ddc _cEN _h382 _mGLO |
||
| 999 |
_c38083 _d38083 |
||